Forum for Social Economics

Saved in:
Bibliographic Details
Format: Serial
Language:English
Published: Abingdon Taylor & Francis
Tags: Add Tag
No Tags, Be the first to tag this record!

MARC

LEADER 00000nls a2200000 4500
001 0283261
005 20250701092117.6
022 |a 0736-0932 
022 |a 1874-6381 
041 0 |a eng 
044 |a GB 
245 1 0 |a Forum for Social Economics 
264 1 |a Abingdon  |b Taylor & Francis